[Event "Legends of Chess Final"]
[Site "chess24.com INT"]
[Date "2020.08.01"]
[Round "1.23"]
[White "Carlsen, M"]
[Black "Svidler, P"]
[Result "1/2-1/2"]
[WhiteElo "2863"]
[BlackElo "2723"]
[EventDate "2020.07.31"]
[WhiteTitle "GM"]
[BlackTitle "GM"]
[WhiteFideId "1503014"]
[BlackFideId "4102142"]

1.e4 c5 2.Nf3 d6 3.Bb5+ Nd7 4.d4 cxd4 5.Qxd4 a6 6.Bxd7+ Bxd7 7.c4 e5 8.Qd3
b5 9.Nc3 bxc4 10.Qxc4 Qc8 11.Qd3 Qb7 12.O-O h6 13.Nd2 Be6 14.Nc4 Qc6 15.b3
Nf6 16.Ne3 Rc8 17.Bd2 Be7 18.Rac1 Qb7 19.Ncd5 O-O 20.Nxe7+ Qxe7 21.Rxc8 
Rxc8 22.Rc1 Rxc1+ 23.Bxc1 Qc7 24.Bd2 Qc6 25.f3 d5 26.exd5 Nxd5 27.Nxd5 
Bxd5 28.Qc3 Qe6 29.Qc5 f6 30.h3 Qd7 31.Be3 Qe6 32.Qb6 Qxb6 33.Bxb6 Kf7 34.
Bc5 g5 35.Kf2 h5 36.Bb6 h4 37.Bd8 Ke6 38.Ke3 Kf5 39.Kf2 Ke6 40.Ke3 Kf5 41.
Kf2 Ke6 1/2-1/2

[Event "Legends of Chess Final"]
[Site "chess24.com INT"]
[Date "2020.07.31"]
[Round "1.13"]
[White "Svidler, P"]
[Black "Carlsen, M"]
[Result "0-1"]
[WhiteElo "2723"]
[BlackElo "2863"]
[EventDate "2020.07.31"]
[WhiteTitle "GM"]
[BlackTitle "GM"]
[WhiteFideId "4102142"]
[BlackFideId "1503014"]

1.c4 Nf6 2.Nf3 e6 3.e3 b6 4.b3 Bb7 5.Bb2 Be7 6.d4 O-O 7.Bd3 c5 8.O-O cxd4 
9.exd4 d5 10.Nc3 Nc6 11.Qe2 Re8 12.Rad1 Rc8 13.Rfe1 g6 14.Bb1 Bf8 15.Ne5 
Bg7 16.f4 dxc4 17.bxc4 Na5 18.d5 exd5 19.Nxd5 Bxd5 20.cxd5 Nc4 21.d6 Nd7 
22.Bd3 Nxb2 23.Qxb2 Rc5 24.Bb5 Nxe5 25.fxe5 Rexe5 26.Rxe5 Bxe5 27.Qb3 Bxd6
0-1

[Event "Legends of Chess Final"]
[Site "chess24.com INT"]
[Date "2020.08.02"]
[Round "1.34"]
[White "Nepomniachtchi, I"]
[Black "Giri, A"]
[Result "1/2-1/2"]
[WhiteElo "2784"]
[BlackElo "2764"]
[EventDate "2020.07.31"]
[WhiteTitle "GM"]
[BlackTitle "GM"]
[WhiteFideId "4168119"]
[BlackFideId "24116068"]

1.e4 e5 2.Nf3 Nc6 3.Bb5 Nf6 4.O-O Nxe4 5.Re1 Nd6 6.Nxe5 Be7 7.Bf1 Nxe5 8.
Rxe5 O-O 9.d4 Bf6 10.Re1 Re8 11.c3 Rxe1 12.Qxe1 Ne8 13.d5 d6 14.a4 a5 15.
Na3 Bd7 16.Nc4 Bg5 17.Be3 Bxe3 18.Nxe3 Nf6 19.Qd1 Qe7 20.Qb3 b6 21.Qc4 Rc8
22.Bd3 Qe5 23.h3 Nh5 24.Re1 Nf4 25.Bf1 Qf6 26.Rd1 h6 27.Rd4 Ng6 28.Re4 Qd8
29.Qe2 f5 30.Rd4 Qg5 31.g3 f4 32.h4 Nxh4 33.Rxf4 Ng6 34.Re4 h5 35.Ng2 Rf8 
36.Qe3 Qf5 37.Nf4 Nxf4 38.Rxf4 Qb1 39.Qe4 Qxe4 40.Rxe4 Re8 41.Rc4 Re1 42.
Kg2 Re7 43.Bd3 1/2-1/2

[Event "Legends of Chess Final"]
[Site "chess24.com INT"]
[Date "2020.08.01"]
[Round "1.26"]
[White "Giri, A"]
[Black "Nepomniachtchi, I"]
[Result "1-0"]
[WhiteElo "2764"]
[BlackElo "2784"]
[EventDate "2020.07.31"]
[WhiteTitle "GM"]
[BlackTitle "GM"]
[WhiteFideId "24116068"]
[BlackFideId "4168119"]

1.Nf3 Nf6 2.c4 c5 3.Nc3 Nc6 4.g3 d5 5.cxd5 Nxd5 6.Bg2 g6 7.Qb3 e6 8.Ne4 b6
9.d4 cxd4 10.O-O Bb7 11.Rd1 Bg7 12.Bg5 f6 13.Bf4 e5 14.Nxd4 Nxd4 15.Rxd4 
f5 16.Nd6+ Qxd6 17.Bxd5 Bxd5 18.Rxd5 Qe7 19.Bxe5 Bxe5 20.Qb5+ Kf8 21.Rxe5 
Qf6 22.Rd1 Kg7 23.Rd7+ Kh6 24.Ree7 Rae8 25.Qb4 Rxe7 26.Rxe7 Rd8 27.Qf4+ g5
28.Qc7 Rd1+ 29.Kg2 Kg6 30.Rxh7 Rc1 31.Qxc1 Kxh7 32.b3 Kg6 33.Qc4 Qe7 34.a4
Qd7 35.Qd3 Qc6+ 36.f3 g4 37.h3 gxf3+ 38.Qxf3 Qe6 39.g4 f4 40.Qd3+ Kg7 41.
Kf3 Qe5 42.Qd7+ Kh8 43.Qc8+ Kg7 44.Qd7+ Kh8 45.Qd3 Kg7 46.h4 Qe7 47.g5 Qe6
48.Qd4+ 1-0

[Event "Legends of Chess Final"]
[Site "chess24.com INT"]
[Date "2020.07.31"]
[Round "1.13"]
[White "Giri, A"]
[Black "Nepomniachtchi, I"]
[Result "0-1"]
[WhiteElo "2764"]
[BlackElo "2784"]
[EventDate "2020.07.31"]
[WhiteTitle "GM"]
[BlackTitle "GM"]
[WhiteFideId "24116068"]
[BlackFideId "4168119"]

1.d4 Nf6 2.c4 g6 3.Nc3 d5 4.cxd5 Nxd5 5.e4 Nxc3 6.bxc3 Bg7 7.Be3 c5 8.Rc1 
Qa5 9.Qd2 O-O 10.Nf3 Bg4 11.d5 b5 12.Bxc5 Rc8 13.Bb4 Qc7 14.Nd4 a5 15.Ba3 
b4 16.Bb2 Qb6 17.c4 Na6 18.f4 e5 19.h3 Nc5 20.fxe5 Bxe5 21.hxg4 Nxe4 22.
Qe3 Re8 23.Kd1 Bg7 24.Qg1 Nc3+ 25.Bxc3 bxc3 26.Nc2 Qf6 27.Rh2 Rad8 28.Rb1 
Rb8 29.Rc1 Bh6 30.Ra1 Rb2 31.g3 Qf3+ 32.Be2 Rxe2 33.Rxe2 Rxc2 0-1

[Event "Legends of Chess Final"]
[Site "chess24.com INT"]
[Date "2020.08.02"]
[Round "1.35"]
[White "Giri, A"]
[Black "Nepomniachtchi, I"]
[Result "1/2-1/2"]
[WhiteElo "2764"]
[BlackElo "2784"]
[EventDate "2020.07.31"]
[WhiteTitle "GM"]
[BlackTitle "GM"]
[WhiteFideId "24116068"]
[BlackFideId "4168119"]

1.d4 Nf6 2.c4 g6 3.Nc3 d5 4.cxd5 Nxd5 5.e4 Nxc3 6.bxc3 Bg7 7.Bc4 c5 8.Ne2 
O-O 9.O-O Nc6 10.Be3 Bg4 11.f3 Bd7 12.Rb1 Qc7 13.Qd2 Rfd8 14.Rfc1 Be8 15.
h4 e5 16.Bd5 cxd4 17.cxd4 exd4 18.Nxd4 Qe5 19.Ne2 b6 20.Bf4 Qe7 21.h5 Rac8
22.h6 Bf6 23.Be3 Ne5 24.Rxc8 Rxc8 25.Rc1 Rd8 26.Qc2 Nxf3+ 27.gxf3 Rxd5 28.
exd5 Qxe3+ 29.Kg2 Qg5+ 30.Kf2 Qxh6 31.Qc8 Bh4+ 32.Kg2 Qe3 33.Ng3 Qg5 34.
Qxe8+ Kg7 35.Qe1 Bxg3 36.Qxg3 Qxc1 37.Qe5+ f6 38.Qe7+ Kh6 39.d6 Qg5+ 40.
Kh3 Qh5+ 1/2-1/2

[Event "Legends of Chess Final"]
[Site "chess24.com INT"]
[Date "2020.08.02"]
[Round "1.31"]
[White "Giri, A"]
[Black "Nepomniachtchi, I"]
[Result "1/2-1/2"]
[WhiteElo "2764"]
[BlackElo "2784"]
[EventDate "2020.07.31"]
[WhiteTitle "GM"]
[BlackTitle "GM"]
[WhiteFideId "24116068"]
[BlackFideId "4168119"]

1.Nf3 d5 2.d4 Bf5 3.c4 e6 4.Nc3 Nc6 5.cxd5 exd5 6.Bf4 Nf6 7.e3 Bd6 8.Bg5 
Bb4 9.Bd3 Bxd3 10.Qxd3 h6 11.Bxf6 Qxf6 12.O-O Bxc3 13.Qxc3 O-O 14.Rfc1 
Rfd8 15.Ne5 Rd6 16.Qb3 Nxe5 17.dxe5 Qxe5 18.Qxb7 Rad8 19.Qxa7 d4 20.exd4 
Rxd4 21.Re1 Qd6 22.Rac1 Rd1 23.Qe3 Rd2 24.Rb1 Qf6 25.Qf3 Qd4 26.Rbc1 c5 
27.g3 Qxb2 28.Rxc5 Qxa2 29.Rce5 Qa8 30.Qxa8 Rxa8 31.Re8+ Rxe8 32.Rxe8+ Kh7
33.Kg2 g6 34.h4 h5 35.Re3 Kg7 36.Rf3 Ra2 37.Re3 Rb2 38.Rf3 Ra2 39.Re3 Rb2 
40.Rf3 Ra2 1/2-1/2

[Event "Legends of Chess Final"]
[Site "chess24.com INT"]
[Date "2020.08.01"]
[Round "1.23"]
[White "Nepomniachtchi, I"]
[Black "Giri, A"]
[Result "0-1"]
[WhiteElo "2784"]
[BlackElo "2764"]
[EventDate "2020.07.31"]
[WhiteTitle "GM"]
[BlackTitle "GM"]
[WhiteFideId "4168119"]
[BlackFideId "24116068"]

1.e4 c5 2.Nf3 d6 3.Bb5+ Nd7 4.d4 cxd4 5.Qxd4 a6 6.Bxd7+ Bxd7 7.Nc3 e5 8.
Qd3 Rc8 9.O-O h6 10.Rd1 Nf6 11.h3 Be7 12.a4 Qc7 13.Nd2 O-O 14.Nf1 Be6 15.
Ne3 Qc5 16.Qe2 Bd8 17.Qf3 b5 18.axb5 axb5 19.Ne2 g6 20.Ng3 Kg7 21.Ra3 b4 
22.Rad3 Be7 23.b3 Rh8 24.Bb2 h5 25.Ngf1 Qc6 26.Nd2 Rhd8 27.Nec4 Bxc4 28.
Nxc4 Nxe4 29.Qe3 Nf6 30.Qe1 Qc5 31.Kh1 Kf8 32.f4 exf4 33.Bxf6 Bxf6 34.Rd5 
Qa7 35.Qe4 Qf2 36.R5d2 d5 37.Rxf2 dxe4 38.Rxd8+ Bxd8 39.Rxf4 f5 40.Rf1 Bc7
41.Ra1 Bg3 42.Kg1 f4 43.Kf1 f3 44.Ra6 Kg7 45.Ra7+ Kh6 46.gxf3 exf3 47.Rf7 
f2 48.Kg2 Bh4 49.Ne3 Rc3 50.Rf3 Kg7 51.Nf1 Rxf3 52.Kxf3 Kf6 53.Ke4 g5 54.
Ne3 Ke6 55.Kf3 Ke5 56.Kg2 Kd4 57.Nd1 Bg3 58.Nb2 Kc3 59.Nd3 Bd6 60.Nxf2 
Kxc2 61.Ne4 Be7 62.h4 g4 63.Ng3 Kxb3 64.Nxh5 Kc2 65.Nf4 b3 0-1

[Event "Legends of Chess Final"]
[Site "chess24.com INT"]
[Date "2020.08.01"]
[Round "1.25"]
[White "Nepomniachtchi, I"]
[Black "Giri, A"]
[Result "1-0"]
[WhiteElo "2784"]
[BlackElo "2764"]
[EventDate "2020.07.31"]
[WhiteTitle "GM"]
[BlackTitle "GM"]
[WhiteFideId "4168119"]
[BlackFideId "24116068"]

1.e4 c5 2.Nf3 d6 3.d4 cxd4 4.Nxd4 Nf6 5.Nc3 a6 6.Rg1 b5 7.a4 b4 8.Nd5 e6 
9.Nxf6+ Qxf6 10.Be3 Bb7 11.Qd2 Bxe4 12.f3 Bb7 13.Qxb4 Qe7 14.Qb6 Qd7 15.
O-O-O Qc8 16.Nb3 Nc6 17.Bd4 e5 18.Bc3 Be7 19.Bd3 O-O 20.Be4 Rb8 21.Kb1 Ba8
22.Qe3 Qc7 23.f4 Bf6 24.f5 h6 25.g4 Rfc8 26.Qf2 Qe7 27.Qg2 Nd4 28.Bxa8 
Nxb3 29.cxb3 Rxa8 30.Qd5 e4 31.Bxf6 Qxf6 32.Qxe4 Rab8 33.Rg3 a5 34.Qd4 Qh4
35.Rd2 Rb4 36.Qxd6 Rxg4 37.Qa6 Rc5 38.Ka2 Rxg3 39.hxg3 Qxg3 40.f6 Qg6 41.
Rd8+ Kh7 42.fxg7 Kxg7 43.Qa8 Qh7 44.Qg2+ Qg6 45.Qd2 Re5 46.Qc3 Qf6 47.Ra8 
h5 48.Qc8 h4 49.Qh8+ Kg6 50.Rg8+ Kf5 51.Qh5+ Ke6 52.Re8+ Kd6 53.Qd1+ Rd5 
54.Qe2 Kd7 55.Ra8 Qe5 56.Qc4 Qd4 57.Qa6 Ke7 58.Qh6 Rd7 59.Qf8+ Kf6 60.Rxa5
Kg6 61.Qg8+ Kh6 62.Qg5+ Kh7 63.Qh5+ Kg7 64.Rg5+ Kf8 65.Rg4 Qe3 66.Qh8+ Ke7
67.Qxh4+ Kd6 68.Qf6+ Kc7 69.Rc4+ Kb8 70.Qh8+ Ka7 71.Rc8 Qe4 72.Qc3 Kb7 73.
Rc4 Qd5 74.Qb4+ Ka8 75.Rc5 Qd3 76.Rc8+ 1-0

[Event "Legends of Chess Final"]
[Site "chess24.com INT"]
[Date "2020.08.01"]
[Round "1.22"]
[White "Giri, A"]
[Black "Nepomniachtchi, I"]
[Result "0-1"]
[WhiteElo "2764"]
[BlackElo "2784"]
[EventDate "2020.07.31"]
[WhiteTitle "GM"]
[BlackTitle "GM"]
[WhiteFideId "24116068"]
[BlackFideId "4168119"]

1.Nf3 c5 2.c4 Nc6 3.d4 cxd4 4.Nxd4 Nf6 5.Nc3 e6 6.a3 Be7 7.e4 O-O 8.Nf3 
Qa5 9.Bd2 Qh5 10.Rg1 a6 11.h3 Ne5 12.g4 Nxf3+ 13.Qxf3 Qc5 14.g5 Ne8 15.h4 
b5 16.cxb5 axb5 17.Bxb5 Bb7 18.Bd3 Nd6 19.Qe2 Rfc8 20.Rc1 Qb6 21.Be3 Qa5 
22.Bd2 Qb6 23.Be3 Qa5 24.Bd2 Ba6 25.Bxa6 Rxa6 26.Kf1 Rac6 27.Be1 Qc7 28.
Rg3 Nc4 29.Rc2 Qf4 30.Rh3 Bf8 31.Nd1 d5 32.exd5 exd5 33.Qf3 Qd6 34.Re2 d4 
35.Bb4 Qd7 36.Bxf8 Rxf8 37.Kg2 f6 38.Qe4 f5 39.Qf3 f4 40.b4 Ne3+ 41.fxe3 
fxe3 42.Qe4 Re6 43.Qd3 Qc6+ 44.Kg1 Re4 45.Nxe3 dxe3 46.Rexe3 Qc1+ 47.Kg2 
Rd4 48.Qb3+ Kh8 49.Rhf3 Rd2+ 50.Kh3 Qh1+ 51.Kg4 Rg2+ 52.Rg3 Rh2 53.Rh3 
Qg2+ 54.Reg3 Qe4+ 0-1

[Event "Legends of Chess Final"]
[Site "chess24.com INT"]
[Date "2020.07.31"]
[Round "1.11"]
[White "Svidler, P"]
[Black "Carlsen, M"]
[Result "0-1"]
[WhiteElo "2723"]
[BlackElo "2863"]
[EventDate "2020.07.31"]
[WhiteTitle "GM"]
[BlackTitle "GM"]
[WhiteFideId "4102142"]
[BlackFideId "1503014"]

1.c4 Nf6 2.Nc3 e5 3.g3 Bb4 4.e4 Bxc3 5.bxc3 O-O 6.f3 Re8 7.d4 d6 8.Bd3 Nc6
9.Ne2 b6 10.g4 Nd7 11.O-O Ba6 12.Ng3 exd4 13.cxd4 Nxd4 14.Bb2 Ne6 15.f4 g5
16.fxg5 Qxg5 17.Rf5 Qe3+ 18.Kh1 Ne5 19.Be2 Bb7 20.Qc2 Nc5 21.Bc1 Bxe4+ 22.
Nxe4 Qxe4+ 23.Qxe4 Nxe4 24.Bb2 Re6 25.Raf1 Rae8 26.g5 Nd2 27.R1f2 Nexc4 
0-1

[Event "Legends of Chess Final"]
[Site "chess24.com INT"]
[Date "2020.07.31"]
[Round "1.12"]
[White "Carlsen, M"]
[Black "Svidler, P"]
[Result "1/2-1/2"]
[WhiteElo "2863"]
[BlackElo "2723"]
[EventDate "2020.07.31"]
[WhiteTitle "GM"]
[BlackTitle "GM"]
[WhiteFideId "1503014"]
[BlackFideId "4102142"]

1.e4 c5 2.Nf3 d6 3.d4 cxd4 4.Nxd4 Nf6 5.Nc3 a6 6.Be3 e6 7.f3 b5 8.a3 Bb7 
9.Qd2 h5 10.O-O-O Nbd7 11.Rg1 Rc8 12.Be2 Be7 13.Kb1 Qc7 14.Bg5 Qb6 15.Be3 
Qa5 16.g3 Rxc3 17.Nb3 Qc7 18.Qxc3 Qxc3 19.bxc3 d5 20.exd5 Nxd5 21.Bd2 Bxa3
22.c4 bxc4 23.Bxc4 N7b6 24.Na5 Nxc4 25.Nxc4 Bc5 26.Rge1 h4 27.f4 hxg3 28.
hxg3 Ke7 29.f5 Rb8 30.Ka2 Nb4+ 31.Bxb4 Bxb4 32.Re3 Rc8 33.Ne5 Rxc2+ 34.Kb3
Rd2 35.Rxd2 Bxd2 36.Re2 Bd5+ 37.Ka4 Bc3 38.fxe6 Bxe6 39.Re3 Bxe5 40.Rxe5 
Kf6 41.Rc5 Bd7+ 42.Kb4 Bb5 43.Kc3 Ke6 44.Kd4 f6 45.Rc7 g5 46.Rb7 Kf5 47.
Rb6 Kg4 1/2-1/2

[Event "Legends of Chess Final"]
[Site "chess24.com INT"]
[Date "2020.08.01"]
[Round "1.21"]
[White "Carlsen, M"]
[Black "Svidler, P"]
[Result "1-0"]
[WhiteElo "2863"]
[BlackElo "2723"]
[EventDate "2020.07.31"]
[WhiteTitle "GM"]
[BlackTitle "GM"]
[WhiteFideId "1503014"]
[BlackFideId "4102142"]

1.e4 c5 2.Nf3 d6 3.d4 cxd4 4.Nxd4 Nf6 5.Nc3 a6 6.Be3 e6 7.Be2 Qc7 8.Qd2 b5
9.a3 Bb7 10.f3 Nbd7 11.O-O-O d5 12.exd5 Bxd5 13.Bf4 Qb6 14.Rhe1 O-O-O 15.
Be3 Qb7 16.a4 b4 17.Nxd5 Nxd5 18.Nb3 Qc6 19.Qd4 Bd6 20.Na5 Qc5 21.Bxa6+ 
Kc7 22.Nb7 Qxd4 23.Rxd4 Ra8 24.Nxd6 Kxd6 25.Bb5 Nf6 26.Bd2 1-0

[Event "Legends of Chess Final"]
[Site "chess24.com INT"]
[Date "2020.08.02"]
[Round "1.32"]
[White "Nepomniachtchi, I"]
[Black "Giri, A"]
[Result "1/2-1/2"]
[WhiteElo "2784"]
[BlackElo "2764"]
[EventDate "2020.07.31"]
[WhiteTitle "GM"]
[BlackTitle "GM"]
[WhiteFideId "4168119"]
[BlackFideId "24116068"]

1.e4 e5 2.Nf3 Nc6 3.Bb5 Nf6 4.d3 Bc5 5.O-O Nd4 6.Bc4 d6 7.a4 c6 8.Nxd4 
Bxd4 9.a5 a6 10.Nd2 O-O 11.Bb3 h6 12.h3 Ba7 13.Nc4 Be6 14.c3 Bxc4 15.Bxc4 
d5 16.exd5 cxd5 17.Bb3 Qd6 18.Qf3 Rfe8 19.Qg3 Nh5 20.Qh4 Nf6 21.Be3 d4 22.
cxd4 Bxd4 23.Bxd4 exd4 24.Bc4 Re2 25.Qg3 Qe7 26.b4 Qxb4 27.Rab1 Qe7 28.Qf3
Ra7 29.Rb6 Re1 30.g3 Qe2 31.Qxe2 Rxe2 32.Rfb1 Re7 33.Rd6 Ra8 34.Rxd4 Rc8 
35.Kg2 g6 36.Rd6 Kg7 37.Rdb6 Rcc7 38.R1b2 Red7 39.Ba2 Ng8 40.d4 Ne7 41.h4 
h5 42.d5 Nxd5 43.Bxd5 Rxd5 44.Rxb7 Rxb7 45.Rxb7 Rxa5 46.Rb6 Ra3 47.f3 Kf8 
48.Rb7 Re3 49.Ra7 Re6 50.g4 hxg4 51.fxg4 Kg7 52.Kf3 Rb6 53.h5 g5 54.Kg3 
Rb3+ 55.Kg2 Ra3 56.Kf2 Ra4 57.Kg3 Ra3+ 58.Kf2 a5 59.Ra6 Ra4 60.Kg3 Ra3+ 
61.Kg2 Ra4 62.Kg3 Ra3+ 63.Kg2 Ra4 64.Kg3 1/2-1/2

[Event "Chessable Masters GpB"]
[Site "chess24.com INT"]
[Date "2020.06.23"]
[Round "10.2"]
[White "Giri, A"]
[Black "Caruana, F"]
[Result "1/2-1/2"]
[WhiteElo "2764"]
[BlackElo "2835"]
[EventDate "2020.06.21"]
[WhiteTitle "GM"]
[BlackTitle "GM"]
[WhiteFideId "24116068"]
[BlackFideId "2020009"]

1.e4 e5 2.Nf3 Nc6 3.Nc3 Nf6 4.d4 exd4 5.Nxd4 Bb4 6.Nxc6 bxc6 7.Bd3 d5 8.
exd5 cxd5 9.O-O O-O 10.Bg5 c6 11.Qf3 h6 12.Bxf6 Qxf6 13.Qxf6 gxf6 14.Ne2 
Bd6 15.Rad1 Bg4 16.h3 Bxe2 17.Bxe2 Rab8 18.b3 Rfe8 19.Bd3 Bb4 20.g3 Re5 
21.Kg2 Rbe8 22.f4 Re3 23.Rf3 Kf8 24.Rxe3 Rxe3 25.Rf1 Ke7 26.Rf3 Re1 27.Rf1
Re3 28.Rf3 Re1 29.Rf1 Re3 1/2-1/2

[Event "Chessable Masters GpB"]
[Site "chess24.com INT"]
[Date "2020.06.23"]
[Round "8.1"]
[White "Ding Liren"]
[Black "Nepomniachtchi, I"]
[Result "1-0"]
[WhiteElo "2791"]
[BlackElo "2784"]
[EventDate "2020.06.21"]
[WhiteTitle "GM"]
[BlackTitle "GM"]
[WhiteFideId "8603677"]
[BlackFideId "4168119"]

1.d4 Nf6 2.c4 g6 3.Nf3 Bg7 4.e3 O-O 5.Be2 c5 6.d5 e6 7.Nc3 exd5 8.cxd5 d6 
9.Nd2 Na6 10.O-O Nc7 11.e4 Rb8 12.a4 Re8 13.f3 a6 14.a5 Bd7 15.Nc4 Nb5 16.
Bg5 Qc7 17.Bf4 Rbd8 18.g4 Nxc3 19.bxc3 Bb5 20.Ne3 Nxe4 21.fxe4 Bxc3 22.Rc1
Qxa5 23.Bxb5 axb5 24.Qf3 Bd4 25.Kh1 Qa4 26.Bxd6 f5 27.Bxc5 Bxc5 28.Rxc5 
Qd4 29.Rxb5 Qxe4 30.Rb3 f4 31.Qxe4 Rxe4 32.Nd1 Rd7 33.Rd3 g5 34.Nc3 Re5 
35.Rb1 Kg7 36.Kg2 h5 37.h3 hxg4 38.hxg4 Rde7 39.d6 Rd7 40.Rb5 Kf6 41.Rxe5 
Kxe5 42.Rd5+ Ke6 43.Rxg5 Rxd6 44.Rg6+ Ke5 45.Rxd6 Kxd6 46.Kf3 Ke5 47.Nb5 
b6 48.Na7 1-0

[Event "Chessable Masters GpB"]
[Site "chess24.com INT"]
[Date "2020.06.21"]
[Round "2.1"]
[White "Ding Liren"]
[Black "Giri, A"]
[Result "1/2-1/2"]
[WhiteElo "2791"]
[BlackElo "2764"]
[EventDate "2020.06.21"]
[WhiteTitle "GM"]
[BlackTitle "GM"]
[WhiteFideId "8603677"]
[BlackFideId "24116068"]

1.c4 e5 2.g3 c6 3.Nf3 e4 4.Nd4 d5 5.cxd5 Qxd5 6.Nc2 Nf6 7.Bg2 Qh5 8.h3 Qg6
9.Nc3 Bd6 10.O-O O-O 11.d3 exd3 12.Qxd3 Qxd3 13.exd3 Be6 14.Nd4 Bd7 15.Bg5
Na6 16.Bxf6 gxf6 17.Ne4 Be7 18.g4 Nc5 19.Rad1 Nxe4 20.Bxe4 Bc5 21.Nf5 Bxf5
22.Bxf5 Rad8 23.Rfe1 Rfe8 24.Kg2 h6 25.b3 Kf8 26.h4 Rxe1 27.Rxe1 Re8 28.
Rxe8+ Kxe8 29.f4 Ke7 30.Kf3 b6 31.Ke4 Bb4 32.d4 Bd2 33.h5 Bc1 34.Kf3 Bd2 
35.Ke4 Bc1 36.Kf3 Bd2 37.Ke4 1/2-1/2

[Event "Chessable Masters GpB"]
[Site "chess24.com INT"]
[Date "2020.06.21"]
[Round "5.2"]
[White "Caruana, F"]
[Black "Giri, A"]
[Result "0-1"]
[WhiteElo "2835"]
[BlackElo "2764"]
[EventDate "2020.06.21"]
[WhiteTitle "GM"]
[BlackTitle "GM"]
[WhiteFideId "2020009"]
[BlackFideId "24116068"]

1.e4 e5 2.Nf3 Nc6 3.Bb5 Nf6 4.d3 Bc5 5.Bg5 h6 6.Bh4 d6 7.c3 O-O 8.Nbd2 g5 
9.Bg3 Nh5 10.Bxc6 bxc6 11.d4 exd4 12.Nxd4 Nxg3 13.hxg3 Qf6 14.Qh5 Bxd4 15.
cxd4 Qxd4 16.Qxh6 Qg7 17.O-O-O Rb8 18.e5 dxe5 19.Ne4 f6 20.f3 Bf5 21.Qxg7+
Kxg7 22.Nc5 Rb5 23.Na4 Rb4 24.b3 g4 25.Rd2 Rfb8 26.Nc5 Rc4+ 0-1

[Event "Chessable Masters GpB"]
[Site "chess24.com INT"]
[Date "2020.06.23"]
[Round "9.2"]
[White "Nepomniachtchi, I"]
[Black "Giri, A"]
[Result "1/2-1/2"]
[WhiteElo "2784"]
[BlackElo "2764"]
[EventDate "2020.06.21"]
[WhiteTitle "GM"]
[BlackTitle "GM"]
[WhiteFideId "4168119"]
[BlackFideId "24116068"]

1.e4 e5 2.Nf3 Nc6 3.Bb5 Nf6 4.d3 Bc5 5.Bxc6 dxc6 6.Nbd2 Nd7 7.Qe2 f6 8.Nh4
Nf8 9.f4 Ng6 10.Qh5 O-O 11.Nxg6 hxg6 12.Qxg6 exf4 13.Nb3 Bb4+ 14.Bd2 Bxd2+
15.Kxd2 a5 16.Raf1 a4 17.Nc1 Ra5 18.h4 Qd4 19.c3 Qb6 20.Kc2 Rb5 21.b3 
axb3+ 22.axb3 Be6 23.c4 Ra5 24.Rxf4 Rfa8 25.Rxf6 Ra2+ 26.Nxa2 Rxa2+ 27.Kc1
Ra1+ 28.Kc2 Ra2+ 29.Kc1 Ra1+ 30.Kc2 Ra2+ 1/2-1/2

[Event "Chessable Masters GpB"]
[Site "chess24.com INT"]
[Date "2020.06.23"]
[Round "7.3"]
[White "Nepomniachtchi, I"]
[Black "Caruana, F"]
[Result "1-0"]
[WhiteElo "2784"]
[BlackElo "2835"]
[EventDate "2020.06.21"]
[WhiteTitle "GM"]
[BlackTitle "GM"]
[WhiteFideId "4168119"]
[BlackFideId "2020009"]

1.e4 e5 2.Nf3 Nc6 3.Bb5 a6 4.Ba4 Nf6 5.O-O Bc5 6.c3 O-O 7.d4 Bb6 8.Bg5 h6 
9.Bh4 d6 10.h3 g5 11.Nxg5 hxg5 12.Bxg5 Kh7 13.Bxc6 Rg8 14.f4 bxc6 15.Qe1 
Rxg5 16.fxg5 Ng8 17.Rxf7+ Kg6 18.Rf3 exd4 19.Kh1 Qe7 20.Nd2 dxc3 21.bxc3 
Be6 22.Qh4 Qh7 23.Qg3 Qh5 24.Qf4 Kg7 25.Raf1 Re8 26.Qg3 Ne7 27.Rf6 Ng6 28.
Nf3 Bc4 29.Re1 Bxa2 30.Nd4 Bxd4 31.cxd4 Bg8 32.e5 Bd5 33.Kh2 a5 34.Re3 
dxe5 35.dxe5 Qd1 36.e6 Re7 37.Qf2 Nh8 38.Rh6 1-0

[Event "Chessable Masters GpB"]
[Site "chess24.com INT"]
[Date "2020.06.23"]
[Round "7.1"]
[White "Giri, A"]
[Black "Ding Liren"]
[Result "1-0"]
[WhiteElo "2764"]
[BlackElo "2791"]
[EventDate "2020.06.21"]
[WhiteTitle "GM"]
[BlackTitle "GM"]
[WhiteFideId "24116068"]
[BlackFideId "8603677"]

1.e4 c5 2.Nf3 d6 3.Bb5+ Bd7 4.Bxd7+ Qxd7 5.c4 Nf6 6.Nc3 Nc6 7.d4 cxd4 8.
Nxd4 g6 9.f3 Bg7 10.Be3 O-O 11.O-O a6 12.Qd3 Rab8 13.b3 Nxd4 14.Bxd4 b5 
15.cxb5 axb5 16.Rfe1 Rfc8 17.Rad1 b4 18.Nd5 Nxd5 19.exd5 Bxd4+ 20.Qxd4 Rc2
21.Rd2 Rbc8 22.h3 Rc1 23.Rxc1 Rxc1+ 24.Kh2 Qb5 25.Qe4 Qc5 26.Qxe7 h5 27.h4
Kg7 28.Qe4 Qc3 29.Qd4+ Qxd4 30.Rxd4 Rc2 31.Rxb4 Rxa2 32.Rb6 Ra5 33.Rxd6 
Rb5 34.g4 hxg4 35.fxg4 Rxb3 36.h5 1-0

[Event "Chessable Masters GpB"]
[Site "chess24.com INT"]
[Date "2020.06.23"]
[Round "6.1"]
[White "Ding Liren"]
[Black "Caruana, F"]
[Result "1/2-1/2"]
[WhiteElo "2791"]
[BlackElo "2835"]
[EventDate "2020.06.21"]
[WhiteTitle "GM"]
[BlackTitle "GM"]
[WhiteFideId "8603677"]
[BlackFideId "2020009"]

1.Nf3 d5 2.g3 g6 3.c4 dxc4 4.Na3 Bg7 5.Nxc4 Nc6 6.d3 Nh6 7.h4 Be6 8.Bd2 
Ng4 9.Bg2 h5 10.O-O O-O 11.Rc1 Bd5 12.b4 Qd7 13.a4 a6 14.Qc2 Rac8 15.e3 b5
16.axb5 axb5 17.e4 Be6 18.Ne3 Nxe3 19.fxe3 Ne5 20.d4 Nc4 21.Ng5 Bg4 22.e5 
Bxe5 23.dxe5 Qxd2 24.Qxd2 Nxd2 25.Rf2 Nc4 26.Bd5 Nxe5 27.Rc5 c6 28.Be6 Nd3
29.Bxc8 Nxf2 30.Bxg4 Nxg4 31.Rxc6 Nxe3 32.Rb6 Rc8 33.Rxb5 Rc2 34.Rb7 Nf5 
35.b5 Rb2 36.b6 Kg7 37.Ne4 Rb5 38.Rb8 Nd6 39.Nxd6 exd6 40.b7 Kf6 41.Rd8 
Rxb7 42.Rxd6+ Kf5 43.Kg2 f6 44.Ra6 Rb5 45.Ra2 g5 46.Rf2+ Kg4 47.Rxf6 Rb2+ 
48.Rf2 Rxf2+ 49.Kxf2 gxh4 50.gxh4 Kxh4 51.Kg2 1/2-1/2

[Event "Chessable Masters GpB"]
[Site "chess24.com INT"]
[Date "2020.06.21"]
[Round "3.1"]
[White "Nepomniachtchi, I"]
[Black "Ding Liren"]
[Result "1/2-1/2"]
[WhiteElo "2784"]
[BlackElo "2791"]
[EventDate "2020.06.21"]
[WhiteTitle "GM"]
[BlackTitle "GM"]
[WhiteFideId "4168119"]
[BlackFideId "8603677"]

1.d4 Nf6 2.c4 e6 3.Nf3 d5 4.Nc3 Bb4 5.Bg5 dxc4 6.e4 h6 7.Bxf6 Qxf6 8.Bxc4 
c5 9.O-O cxd4 10.e5 Qd8 11.Ne4 O-O 12.Qd3 Be7 13.Rfe1 Nc6 14.Rad1 Qc7 15.
Ng3 Nb4 16.Qe2 d3 17.Qe4 b5 18.Bxd3 Nxd3 19.Qxd3 Bb7 20.Qxb5 Rfd8 21.b3 
Bxf3 22.gxf3 Bg5 23.Kg2 Bd2 24.Re4 Rd5 25.Qc4 Qd7 26.Qa4 Qd8 27.Re2 Rd4 
28.Qa6 Qd5 29.Re4 Rd8 30.Rxd4 Qxd4 31.Ne4 Qxe5 32.Qxa7 Rd5 33.Qe7 f5 34.
Nxd2 Qe2 35.Ne4 Rxd1 36.Qxe6+ Kf8 37.Qxf5+ Kg8 38.Qe6+ Kf8 39.Qc8+ Kf7 40.
Qf5+ Kg8 41.Qe6+ Kf8 42.a4 Qf1+ 43.Kg3 Qg1+ 44.Kh3 Qf1+ 45.Kg3 Qg1+ 46.Kh3
Qf1+ 47.Kg3 1/2-1/2